| 000 | 01203nam a2200337 a 4500 | ||
|---|---|---|---|
| 008 | |||
| 020 | _a9781472442475 (hardback) | ||
| 040 |
_aNUST _cNUST |
||
| 049 | _aMAIN | ||
| 090 |
_aHD82 _bINT |
||
| 245 | 1 | 0 |
_aIntegral polity : _bintegrating nature, culture, society and economy/ _c Ronnie Lessem ; Ibrahim Abouleish ; Marko Pogacnik & Louis Herman. |
| 260 |
_aSurrey, England : _bGower, _c2015. |
||
| 300 |
_axvi, 357 pages : _billustrations ; _c25 cm. |
||
| 336 |
_atext _btxt _2rdacontent |
||
| 337 |
_aunmediated _bn _2rdamedia |
||
| 338 |
_avolume _bnc _2rdacarrier |
||
| 500 | _aIncludes index. | ||
| 504 | _aIncludes bibliographical references. | ||
| 650 | 1 |
_aEconomic development _xTechnological innovations. |
|
| 650 |
_aBusiness enterprises _xTechnological innovations. |
||
| 650 |
_aInformation technology _xSocial aspects. |
||
| 650 | _aSocial change. | ||
| 700 |
_aLessem, Ronnie., _aauthor. |
||
| 700 |
_aAbouleish, Ibrahim., _aauthor. |
||
| 700 |
_aPogacnik, Marko., _aauthor. |
||
| 700 |
_aHerman, Louis., _aauthor. |
||
| 907 |
_a.b10413935 _b22-02-22 _c22-02-22 |
||
| 003 | |||
| 005 | 20230123141230.0 | ||
| 942 |
_cBOOKS _kHD82 _mINT |
||
| 999 |
_c169950 _d169950 |
||